000 01391nam a22003377a 4500
001 BRCA_9352
003 FranzMayer
005 20230918122003.0
008 230828b |||||||| |||| 00| 0 eng d
020 _a2909283763
040 _aMFM
_besp
_cMFM
050 0 _aGT2252.B47
_bM87 2003
110 1 _4Responsable
_aMusée de la mode
_bUnion centrale des arts decoratifs et du textile
_929292
240 _aLuxe et fantaisie
_hBijoux de la collection Barbara Berger
_lFrancés
245 0 _aLuxe et fantaisie
_bBijoux de la collection Barbara Berger
260 _aFrancia
_bNorma Editores
_c2003
300 _a159 p
_bIlustraciones a color
_c26 cm
500 _aAnexo 1
505 _aTexto en: francésIncluye índice temáticoIncluye bibliografía pp: 1158-159Dirigido a: artistas, diseñadores, diseñadores de moda o joyeros
650 1 _2Maneras y costumbres
_aAccesorios
_vJoyeria
_929293
651 _2Joyería francesa
_aJoyería contemporánea
_vBerger, Barbara
_929294
700 1 _4Fot
_aEsteva, Pablo
_929295
700 1 _4fot.
_aJaulmes, Laurent-Sully
_929296
700 1 _4Fot
_aTerestchenko, Ivan
_929297
700 1 _4Fot.
_aZabe, Michel
_929298
700 1 _4Editorial .
_aDemey, Chloé
_929299
700 1 _4Graphi
_aCélestin, Frédéric
_929300
700 1 _4Revision
_aOuvrieu, Lorraine
_929301
700 1 _4Trad
_aGuglielmetti, Anne
_929302
942 _2lcc
_cB
999 _c10974
_d10974